| 000 | 00380nam a2200157Ia 4500 | ||
|---|---|---|---|
| 008 | 160319s9999 xx 000 0 und d | ||
| 020 | _a9712716589 | ||
| 050 | _a342 | ||
| 050 | _bC756 2005 | ||
| 245 | 4 | _aThe Constitutions of the Philippines / | |
| 260 | _aPasig City : | ||
| 260 | _bAnvil Publishing, Inc., | ||
| 260 | _c2005 | ||
| 300 | _a150 pages : | ||
| 300 | _c26 cm. | ||
| 999 |
_c292122 _d292122 |
||